[Event "68th ch-RUS w 2018"]
[Site "Satka RUS"]
[Date "2018.09.05"]
[Round "11.2"]
[White "Pogonina, Natalija"]
[Black "Kashlinskaya, Alina"]
[Result "1/2-1/2"]
[WhiteTitle "WGM"]
[BlackTitle "IM"]
[WhiteElo "2469"]
[BlackElo "2440"]
[WhiteFideId "4147855"]
[BlackFideId "4198026"]
[EventDate "2018.08.25"]

1. d4 Nf6 2. c4 g6 3. Nf3 Bg7 4. e3 O-O 5. Be2 d6 6. O-O Nbd7 7. Nc3 e5 8. Qc2
Re8 9. dxe5 dxe5 10. e4 c6 11. Rd1 Qc7 12. h3 Nc5 13. Be3 Ne6 14. c5 Nd7 15. Na4
b5 16. cxb6 axb6 17. b4 b5 18. Nc3 Ndf8 19. a4 Bd7 20. Rac1 bxa4 21. Nxa4 Nd4
22. Nxd4 exd4 23. Bxd4 Bxd4 24. Rxd4 Ne6 25. Rdd1 Nf4 26. Bf1 Re5 27. Rxd7 Qxd7
28. Nb6 Qd8 29. Nxa8 Qxa8 30. Qxc6 Qxc6 31. Rxc6 Rxe4 32. Bc4 Ne2+ 33. Kh2 Nd4
34. Rc7 Rf4 35. f3 Rf6 36. b5 Rb6 37. Rxf7 Kh8 38. g4 Nxb5 39. g5 h6 40. Rf8+
Kg7 41. Rf7+ Kh8 42. Rf6 Rxf6 43. gxf6 Nd6 44. Bd3 g5 45. Kg3 Kg8 46. Bg6 Nc4
47. f4 gxf4+ 48. Kxf4 Nb6 49. Kf5 Nd5 50. f7+ Kg7 51. Bh5 Ne7+ 52. Ke6 Nc6 53.
Kd6 Nd8 54. Ke7 Nxf7 55. Bxf7 1/2-1/2

[Event "68th ch-RUS w 2018"]
[Site "Satka RUS"]
[Date "2018.09.05"]
[Round "11.3"]
[White "Goryachkina, Aleksandra"]
[Black "Gunina, Valentina"]
[Result "0-1"]
[WhiteTitle "WGM"]
[BlackTitle "GM"]
[WhiteElo "2535"]
[BlackElo "2528"]
[WhiteFideId "4147103"]
[BlackFideId "4167570"]
[EventDate "2018.08.25"]

1. e4 c6 2. d4 d5 3. exd5 cxd5 4. Bd3 Nc6 5. c3 Nf6 6. h3 g6 7. Nf3 Bf5 8. Be2
Qc7 9. O-O Bg7 10. Be3 O-O 11. Nbd2 Rab8 12. a4 Rbe8 13. Rc1 h6 14. b4 Rc8 15.
Re1 Rfd8 16. b5 Na5 17. g4 Be6 18. Bd3 Nc4 19. Nxc4 dxc4 20. Bf1 h5 21. Ne5 hxg4
22. hxg4 Nd7 23. Nxd7 Qxd7 24. f3 a6 25. bxa6 bxa6 26. Bf4 Rc6 27. Rb1 Bd5 28.
Bg2 a5 29. Be5 Ra6 30. Bxg7 Kxg7 31. f4 Bxg2 32. Kxg2 Rf6 33. Kg3 Rh8 34. Re5
Qd6 35. Qf3 Qa3 36. Rbe1 Qb2 37. R1e2 Qb1 38. Re1 Qc2 39. R5e2 Qxa4 40. g5 Rf5
41. Rxe7 Rh5 42. Qe3 Qc2 43. Re2 Qb1 44. Re1 Qb8 45. Kg2 Qa8+ 46. Re4 a4 47. Kg1
a3 48. d5 Rxd5 49. Qb6 Rf5 50. Qd4+ Kh7 51. Ra1 a2 52. Qxc4 Qb7 53. Qd4 Qb2 54.
c4 Qh2+ 55. Kf1 Rhxg5 56. c5 Rg2 0-1

[Event "68th ch-RUS w 2018"]
[Site "Satka RUS"]
[Date "2018.09.05"]
[Round "11.4"]
[White "Protopopova, Anastasiya"]
[Black "Galliamova, Alisa"]
[Result "0-1"]
[WhiteTitle "WFM"]
[BlackTitle "IM"]
[WhiteElo "2332"]
[BlackElo "2424"]
[WhiteFideId "24172073"]
[BlackFideId "4129725"]
[EventDate "2018.08.25"]

1. d4 Nf6 2. c4 e6 3. g3 d5 4. Nf3 Bb4+ 5. Bd2 Bd6 6. Nc3 c6 7. Qc2 O-O 8. e4
Be7 9. e5 Nfd7 10. cxd5 cxd5 11. Bd3 h6 12. h4 Nc6 13. Ne2 Bb4 14. Bh7+ Kh8 15.
Ng5 Bxd2+ 16. Kxd2 Qe7 17. Ke3 Ndxe5 18. dxe5 Nxe5 19. f4 Ng4+ 20. Kf3 e5 21.
fxe5 f6 22. Nf4 fxg5 23. hxg5 Qxg5 24. Rae1 Nxe5+ 25. Kf2 Rxf4+ 26. gxf4 Qxf4+
27. Kg2 Qf3+ 28. Kh2 Qh3+ 29. Kg1 Qg3+ 30. Kf1 Bh3+ 31. Ke2 Bg4+ 32. Kd2 Qf4+ 0-1

[Event "68th ch-RUS w 2018"]
[Site "Satka RUS"]
[Date "2018.09.05"]
[Round "11.5"]
[White "Kosteniuk, Alexandra"]
[Black "Gritsayeva, Oksana"]
[Result "1-0"]
[WhiteTitle "GM"]
[BlackTitle "WFM"]
[WhiteElo "2559"]
[BlackElo "2391"]
[WhiteFideId "4128125"]
[BlackFideId "14104652"]
[EventDate "2018.08.25"]

1. e4 c5 2. Nf3 Nc6 3. d4 cxd4 4. Nxd4 Nf6 5. Nc3 e5 6. Ndb5 d6 7. Bg5 a6 8. Na3
Be6 9. Nc4 Rb8 10. Qd2 Nd4 11. f4 b5 12. fxe5 dxe5 13. Nxe5 b4 14. Ne2 Qc7 15.
Nxd4 Qxe5 16. Bxf6 Qxe4+ 17. Be2 gxf6 18. O-O-O Bc5 19. Rhe1 Qxd4 20. Qxd4 Bxd4
21. Rxd4 Rb6 22. Bd3 Rg8 23. g3 h6 24. Rh4 Rh8 25. Ree4 a5 26. Rh5 Kf8 27. Rxa5
Kg7 28. b3 Rhb8 29. Kb2 R8b7 30. Rd4 Rb8 31. Rh4 Bd7 32. Rah5 Rh8 33. Rd5 Rb7
34. Rhd4 Be6 35. Rb5 Ra7 36. Rdxb4 Rc8 37. Rb7 Ra5 38. R4b5 Raa8 39. R5b6 Kf8
40. a4 1-0

[Event "68th ch-RUS w 2018"]
[Site "Satka RUS"]
[Date "2018.09.05"]
[Round "11.6"]
[White "Girya, Olga"]
[Black "Bodnaruk, Anastasia"]
[Result "1/2-1/2"]
[WhiteTitle "WGM"]
[BlackTitle "IM"]
[WhiteElo "2462"]
[BlackElo "2449"]
[WhiteFideId "4195752"]
[BlackFideId "4181751"]
[EventDate "2018.08.25"]

1. d4 Nf6 2. c4 g6 3. Nf3 Bg7 4. g3 c6 5. Bg2 d5 6. O-O O-O 7. cxd5 cxd5 8. Ne5
Ng4 9. Nxg4 Bxg4 10. Nc3 Nc6 11. h3 Bd7 12. Nxd5 Nxd4 13. e3 Bc6 14. Nxe7+ Qxe7
15. exd4 Bxg2 16. Kxg2 Qe4+ 17. Qf3 Qxf3+ 18. Kxf3 Bxd4 19. Rd1 Rfd8 20. Be3
Bxe3 21. Kxe3 f5 22. Rxd8+ Rxd8 23. Rc1 Rd7 24. h4 Kf7 25. Rc8 Kf6 26. Rf8+ Ke5
27. Re8+ Kf6 28. Rf8+ Ke5 29. Re8+ Kf6 30. Rf8+ Ke5 1/2-1/2